000 00740nam a2200193Ia 4500
003 GCL
008 140319s9999 xx 000 0 ara d
040 _aGCL /
_cGCL
082 0 4 _aق
_b953.08
_bم ا
100 1 _aسعيد عبدالفتاح
245 1 0 _aاغاثة الامة بكشف الطمة /
_cسعيد عبدالفتاح
700 1 _aالمقريزى : تقى الدين ابو العباس احمد بن على بن عبدالقادر بن محمد الحسينى العبيدى
300 _a154 ص
490 _aكتاب الهلال
_v0
650 0 4 _aالدولة المملوكية
650 0 4 _aمصر - الاحوال الاقتصادية
650 0 4 _aمصر - الاحوال الاجتماعية
942 _2ddc
_cBK
999 _c41181
_d41181